000 01300nam0a2200325 4500
001 RU\NLR\b_ik\91046
005 20260405094310.0
010 _a5-05-005455-9
_95000
035 _a(NLR Aleph) 002165102
090 _a2578020
_c2578020
100 _a20020904d2002 |||y0rusy50 ca
101 0 _aeng
_arus
102 _aRU
105 _ay |||||||||
200 1 _aThe lovely lady and other stories
_fDavid Herbert Lawrence
_g[Сост. Н.М. Пальцева
_gКоммент. А.И. Полторацкого]
210 _aM.
_cRaduga
_d2002
215 _a252, [1] с.
_d16
225 1 _aПолиглот
300 _aВ вып. дан.: Прелестная дама / Дэвид Герберт Лоуренс
300 _aКоммент. на рус. яз.
541 0 _aПрелестная дама
_zrus
606 0 _aАнглийский язык
_jУчебные издания
_9972309
_3RU\NLR\AUTH\6646032
686 1 _aШ143.21-93рус91
686 4 _aШ6(4Вл)61-440.5{Лх1298.1-45}
700 1 _4070
_8eng
_7ba
_aLawrence
_bD. H.
_f1885-1930
_gDavid Herbert
_3RU\NLR\AUTH\7735036
_918035
702 1 _aPal'cev
_bN. M.
_gNikolaj Maksimovič
_4220
801 0 _aRU
_bNLR
_c20020904
_gPSBO
942 _cBOOK
980 _aNB